| 000 | 01122nas a2200385 4500 | ||
|---|---|---|---|
| 001 | BR0402255 | ||
| 003 | BR-BrBNA | ||
| 005 | 20231205104527.0 | ||
| 007 | ta | ||
| 008 | 230509b bl.|||p| |||| 00| 00por d | ||
| 040 |
_aBR-BrBNA _bpor _cBiblioteca Nacional de Agricultura |
||
| 041 | _a(Pt) | ||
| 072 | _aL73 | ||
| 100 | 1 | _aLara, M.C.C.S.H. | |
| 100 | 1 | _aBarros Filho, I. | |
| 100 | 1 | _aViana, F. | |
| 100 | 1 | _aGregory, L. | |
| 100 | 1 | _aCunha, E.M.S. | |
| 100 | 1 | _aCastro, A.F. | |
| 100 | 1 | _aBirgel, E.H. | |
| 100 | 1 | _aFernandes, W.R. | |
| 245 | 1 | _aPesquisa de anticorpos contra o vírus da arterite dos eqüinos (VAE)e herpes eqüino tipo 1 (HVE-1)em cavalos criados em Curitiba, PR | |
| 650 | _aCAVALO | ||
| 650 | _aANTICORPO | ||
| 650 | _aHERPESVIRUS | ||
| 650 | _aARTERITE | ||
| 650 | _aSORO-SANGÜÍNEO | ||
| 650 | _aSINTOMA | ||
| 650 | _aPRENHEZ | ||
| 650 | _aTRANSMISSÃO DE DOENÇA | ||
| 650 | _aPARANÁ | ||
| 773 | 0 |
_tHora Veterinária (Brazil) _xISSN 0101-9163 _g(Sep-Oct 2003), v. 23(135) p. 26-28 _wBR0402255 |
|
| 909 |
_a202311 _bLúcia _c55 _dLúcia Elande |
||
| 942 |
_2AGRIS _n0 _cANA |
||
| 999 |
_c178550 _d178550 |
||